00473nam a2200193Ia 4500008004100000020001800041050001400059100001800073245002700091245001400118245004800132260001500180260001600195260000900211300001500220300002700235300001000262500000700272170918s9999 xx 000 0 und d a9780590273664 bM672 1994 aMiranda, Anne aLet's get the rhythm : ba chant / cAnne Miranda ; pictures by Nancy Carpenter. aNew York : bScholastic, c1994 a16 pages : bcolored illustration ; c24cm. aBR